Emotion, Reason and Action in Kant (Record no. 93190)

MARC details
000 -LEADER
fixed length control field 01645nam a2200229Ii 4500
008 - FIXED-LENGTH DATA ELEMENTS--GENERAL INFORMATION
fixed length control field 221202s xx 000 0 und d
100 1# - MAIN ENTRY--PERSONAL NAME
Personal name Borges, Maria de Lourdes,
Relator term author
245 #0 - TITLE STATEMENT
Title Emotion, Reason and Action in Kant
264 #1 - PRODUCTION, PUBLICATION, DISTRIBUTION, MANUFACTURE, AND COPYRIGHT NOTICE
Place of production, publication, distribution, manufacture London
Name of producer, publisher, distributor, manufacturer Bloomsbury Academic
Date of production, publication, distribution, manufacture, or copyright notice 2019
300 ## - PHYSICAL DESCRIPTION
Extent 1 online resource
336 ## - CONTENT TYPE
Content type term text
Content type code txt
Source rdacontent
337 ## - MEDIA TYPE
Media type term computer
Media type code c
Source rdamedia
338 ## - CARRIER TYPE
Carrier type term online resource
Carrier type code cr
Source rdacarrier
520 ## - SUMMARY, ETC.
Summary, etc. This book explores how, in Kant's world view, our actions are informed, contextualized and dependent on the tension between emotion and reason. Arguing that affects and passions are illnesses of the mind, because both hinder the sovereignty of reason, Borges demonstrates Kant's recognition of the malleability of reason. To this end, the book explores the full range of negative and positive emotions in Kant's work, including self-control, compassion, sympathy, as well as anger. Kant's argument on the gendered nature of emotion, that women's innate morality disciplined men's tendency to behave in immoral ways, is also discussed. Finally, Borges shows how Kant's theory of emotion includes both physiological and cognitive aspects. Emotion, Reason and Action in Kant is an important new contribution to Kant Studies, suitable for students of Kant, ethics, and moral psychology.
653 ## - INDEX TERM--UNCONTROLLED
Uncontrolled term Emotion
653 ## - INDEX TERM--UNCONTROLLED
Uncontrolled term Immanuel Kant
653 ## - INDEX TERM--UNCONTROLLED
Uncontrolled term Philosophy
653 ## - INDEX TERM--UNCONTROLLED
Uncontrolled term Philosophy
653 ## - INDEX TERM--UNCONTROLLED
Uncontrolled term Reason
856 ## - ELECTRONIC LOCATION AND ACCESS
Uniform Resource Identifier <a href="https://docs.google.com/spreadsheets/d/1yKIrdCPDAG_9c22mwoOIO2DOhtj65Wqa/edit?usp=sharing&ouid=106555315294820607512&rtpof=true&sd=true ">https://docs.google.com/spreadsheets/d/1yKIrdCPDAG_9c22mwoOIO2DOhtj65Wqa/edit?usp=sharing&ouid=106555315294820607512&rtpof=true&sd=true </a>
Link text List of Curated E-Books
942 ## - ADDED ENTRY ELEMENTS (KOHA)
Koha item type E-Book

No items available.

University of Rizal System
Email us at univlibservices@urs.edu.ph

Visit our Website www.urs.edu.ph/library